Normal view
MARC view
Entry Personal Name
001 - CONTROL NUMBER
- control field: 19860
003 - CONTROL NUMBER IDENTIFIER
- control field: ARRUPE
005 - DATE AND TIME OF LATEST TRANSACTION
- control field: 20150914100918.0
008 - FIXED-LENGTH DATA ELEMENTS
- fixed length control field: 150914|| aca||aabn | a|a d
040 ## - CATALOGING SOURCE
- Original cataloging agency: ARRUPE
- Transcribing agency: ARRUPE
100 ## - HEADING--PERSONAL NAME
- Personal name: Tschacher, Wolfgang.
670 ## - SOURCE DATA FOUND
- Source citation: Work cat.: (ARRUPE)0: Tschacher, Wolfgang., The dynamical systems approach to cognition :, c2003.